<?xml version="1.0" encoding="UTF-8"?>
<collection xmlns="http://www.loc.gov/MARC21/slim">
 <record>
  <leader>02306nam a22003737a 4500</leader>
  <controlfield tag="001">42159</controlfield>
  <controlfield tag="003">BD-DhAAL</controlfield>
  <controlfield tag="008">240204t2023    bg ||||| b||| 000 0 ben d</controlfield>
  <datafield tag="020" ind1=" " ind2=" ">
   <subfield code="a">9789849728320</subfield>
  </datafield>
  <datafield tag="040" ind1=" " ind2=" ">
   <subfield code="a">BD-DhAAL</subfield>
   <subfield code="c">BD-DhAAL</subfield>
  </datafield>
  <datafield tag="041" ind1=" " ind2=" ">
   <subfield code="a">ben</subfield>
  </datafield>
  <datafield tag="082" ind1=" " ind2=" ">
   <subfield code="a">390.095492</subfield>
   <subfield code="2">23</subfield>
  </datafield>
  <datafield tag="245" ind1=" " ind2=" ">
   <subfield code="a">বাঙালির সংস্কৃতিচিন্তা.</subfield>
   <subfield code="n">তৃতীয় খণ্ড /</subfield>
   <subfield code="c">সম্পাদক, আহমাদ মোস্তফা কামাল ; গ্রন্থমালা সম্পাদক, আবদুল্লাহ আবু সায়ীদ.</subfield>
  </datafield>
  <datafield tag="246" ind1=" " ind2=" ">
   <subfield code="a">Bangalir chintamulok rochona shongroho :</subfield>
   <subfield code="b">shonshkriti [tritiyo khondo]</subfield>
  </datafield>
  <datafield tag="246" ind1=" " ind2=" ">
   <subfield code="a">A collection of Bengali thoughts :</subfield>
   <subfield code="b">culture [volume : 3]</subfield>
  </datafield>
  <datafield tag="264" ind1=" " ind2=" ">
   <subfield code="a">ঢাকা :</subfield>
   <subfield code="b">বিশ্বসাহিত্য কেন্দ্র,</subfield>
   <subfield code="c">২০২৩.</subfield>
  </datafield>
  <datafield tag="300" ind1=" " ind2=" ">
   <subfield code="a">৩৮৩ পৃষ্ঠা ;</subfield>
   <subfield code="c">২২ সে.মি.</subfield>
  </datafield>
  <datafield tag="362" ind1=" " ind2=" ">
   <subfield code="a">Vol. 3</subfield>
  </datafield>
  <datafield tag="490" ind1=" " ind2=" ">
   <subfield code="a">বাঙালির চিন্তামূলক রচনা সংগ্রহ ;</subfield>
   <subfield code="v">২১</subfield>
  </datafield>
  <datafield tag="490" ind1=" " ind2=" ">
   <subfield code="a">বিশ্বসাহিত্য কেন্দ্র প্রকাশনা ;</subfield>
   <subfield code="v">৫৩০</subfield>
  </datafield>
  <datafield tag="500" ind1=" " ind2=" ">
   <subfield code="a">প্রথম প্রকাশ.</subfield>
  </datafield>
  <datafield tag="504" ind1=" " ind2=" ">
   <subfield code="a">গ্রন্থপঞ্জিগত নির্দেশিকা অন্তর্ভুক্ত।</subfield>
  </datafield>
  <datafield tag="526" ind1=" " ind2=" ">
   <subfield code="a">AAL, RS</subfield>
  </datafield>
  <datafield tag="541" ind1=" " ind2=" ">
   <subfield code="a">Bishwo Shahitto Kendro</subfield>
   <subfield code="e">42159, 42213</subfield>
  </datafield>
  <datafield tag="651" ind1=" " ind2=" ">
   <subfield code="a">Bangladesh</subfield>
   <subfield code="x">Social life and customs.</subfield>
  </datafield>
  <datafield tag="700" ind1=" " ind2=" ">
   <subfield code="a">কামাল, আহমাদ মোস্তফা.</subfield>
   <subfield code="9">56002</subfield>
  </datafield>
  <datafield tag="700" ind1=" " ind2=" ">
   <subfield code="a">সায়ীদ, আবদুল্লাহ আবু.</subfield>
  </datafield>
  <datafield tag="830" ind1=" " ind2=" ">
   <subfield code="a">বাঙালির চিন্তামূলক রচনা সংগ্রহ ;</subfield>
   <subfield code="v">২১</subfield>
   <subfield code="9">56003</subfield>
  </datafield>
  <datafield tag="830" ind1=" " ind2=" ">
   <subfield code="a">বিশ্বসাহিত্য কেন্দ্র প্রকাশনা ;</subfield>
   <subfield code="v">৫৩০</subfield>
   <subfield code="9">53391</subfield>
  </datafield>
  <datafield tag="852" ind1=" " ind2=" ">
   <subfield code="a">Ayesha Abed Library</subfield>
  </datafield>
  <datafield tag="942" ind1=" " ind2=" ">
   <subfield code="2">ddc</subfield>
   <subfield code="c">BK</subfield>
  </datafield>
  <datafield tag="999" ind1=" " ind2=" ">
   <subfield code="c">46357</subfield>
   <subfield code="d">46357</subfield>
  </datafield>
  <datafield tag="952" ind1=" " ind2=" ">
   <subfield code="0">0</subfield>
   <subfield code="1">0</subfield>
   <subfield code="2">ddc</subfield>
   <subfield code="4">0</subfield>
   <subfield code="6">390_095492000000000_BAN</subfield>
   <subfield code="7">1</subfield>
   <subfield code="9">75042</subfield>
   <subfield code="a">SCL</subfield>
   <subfield code="b">SCL</subfield>
   <subfield code="c">REF</subfield>
   <subfield code="d">2024-01-31</subfield>
   <subfield code="e">Bishwo Shahitto Kendra</subfield>
   <subfield code="g">480.00</subfield>
   <subfield code="l">0</subfield>
   <subfield code="o">390.095492 BAN</subfield>
   <subfield code="p">3020042213</subfield>
   <subfield code="r">2024-01-31</subfield>
   <subfield code="t">2</subfield>
   <subfield code="v">960.00</subfield>
   <subfield code="w">2024-01-31</subfield>
   <subfield code="y">BK</subfield>
  </datafield>
  <datafield tag="952" ind1=" " ind2=" ">
   <subfield code="0">0</subfield>
   <subfield code="1">0</subfield>
   <subfield code="2">ddc</subfield>
   <subfield code="4">0</subfield>
   <subfield code="6">390_095492000000000_BAN</subfield>
   <subfield code="7">1</subfield>
   <subfield code="9">75043</subfield>
   <subfield code="a">BRACUL</subfield>
   <subfield code="b">BRACUL</subfield>
   <subfield code="c">REF</subfield>
   <subfield code="d">2024-01-31</subfield>
   <subfield code="e">Bishwo Shahitto Kendra</subfield>
   <subfield code="g">480.00</subfield>
   <subfield code="l">0</subfield>
   <subfield code="o">390.095492 BAN</subfield>
   <subfield code="p">3010042159</subfield>
   <subfield code="r">2024-01-31</subfield>
   <subfield code="t">1</subfield>
   <subfield code="v">960.00</subfield>
   <subfield code="w">2024-01-31</subfield>
   <subfield code="y">BK</subfield>
  </datafield>
 </record>
</collection>
